| 000 | 00704nam a2200217 a 4500 | ||
|---|---|---|---|
| 999 |
_c8660 _d8660 |
||
| 001 | 8660 | ||
| 003 | BD-JhCC | ||
| 005 | 20200128134008.0 | ||
| 008 | 180301s2002 bg |||| ||a| 000 0 b d | ||
| 035 | _a(BD-JhCC)8660 | ||
| 040 |
_aBD-JhCC _dBD-JhCC |
||
| 041 | _aben | ||
| 082 |
_a822.33 _bAHM 2002 |
||
| 100 | _aআহমেদ, জে | ||
| 245 |
_aউইলিয়াম শেক্সপিয়র রচনাসমগ্র / _cআহমেদ জে. |
||
| 260 |
_aচট্টগ্রাম: _bজ্ঞান বিচিত্রা প্রকাশনী ; _c২০০২. |
||
| 300 |
_a467 p. : _c22 cm. |
||
| 651 | _aCollection of Drama. | ||
| 942 |
_2lcc _cBK _04 |
||